Представление документа в формате MARC21

Поле Инд. ПП Название Значение
Тип записи a
Библиографический уровень m
001 Контрольный номер bdb8068b-63c1-4493-8e22-1a5954e69ac1
005 Дата корректировки 20140703132558.1
008 Кодируемые данные 020103
020 c Цена, тираж б/ц
040 a Служба первич. каталог. НБ ТвГУ
041 a Код языка текста rus
080 a Индекс УДК 802.0-561(043.3)
084 a Индекс другой классификации/Индекс ББК Ш143.21-222я031
090 x Авторский знак Д30
a Полочн. индекс Ш143.21
100 1_ a Автор Демина Е. В.
245 10 a Заглавие Синонимия придаточных предложений и причастных оборотов, вводимых союзами as if, as though, в современном английском языке
b Продолж. заглавия автореф. дис. ... канд. филол. наук : 663
c Ответственность М-во просвещения РСФСР, Калинин. гос. ред. ин-т
260 1_ a Место издания Калинин
c Дата издания 1969
300 a Объем 31 с.
500 a Примечание На правах рукоп.
504 a Библиография Библиогр.: с.29-30 и в подстроч. примеч.
583 a Действие Получение впервые 28 09.02.2005
650 a Основная рубрика Английский язык
x Основная подрубрика Синтаксис
650 a Основная рубрика Предложение в английском языке
653 a Ключевые слова Английский язык
a Ключевые слова Синтаксис английского языка
a Ключевые слова Предложение в английском языке
a Ключевые слова Придаточное предложение
a Ключевые слова Причастный оборот
a Ключевые слова Синонимия
a Ключевые слова Авторефераты
852 t Порядковый номер экземпляра 2
p Инвентарный номер б/н
888 a Бесплатные
930 a Новая/Ретро авторефераты
952 p 28.2005 б/ц 2 б/н
c Вид литературы А/Р н
954 a Дата поступления на обработку 20050214
999 a Подразделение 2 ч.з.